000 00910cab a2200337 4500
001 ABS60614
008 090401t1999 xxu||||| |||| 00| 0 eng d
035 _a(Sirsi) u93725
041 _aeng
100 _aDelargy, M.
245 _aPlaying in Europe
260 _c1999
350 _a0
490 _aBuilding
_v264(8088) 21 May 1999, 38-41(4)
520 _aAnalysis of the European construction market. Romania is a strong contender for lucrative contracts. Also looks at other favourable countries for UK firms.
650 _aCONSTRUCTION MARKET
650 _aCZECH REPUBLIC
650 _aESTONIA
650 _aEUROPE
650 _aFRANCE
650 _aGERMANY
650 _aGREECE
650 _aITALY
650 _aPOLAND
650 _aPORTUGAL
650 _aRUSSIA
650 _aSWEDEN
690 _aBUILT ENVIRONMENT-CONSTRUCTION MARKET
942 _n0
948 _c02/06/1999
999 _c59413
_d59413